Knowledge, truth and realism : (Record no. 4530)
[ view plain ]
| 000 -LEADER | |
|---|---|
| fixed length control field | 00738 a2200205 4500 |
| 010 ## - LCCN (DPL NO) | |
| LC control number | ENG-86387 |
| 020 ## - INTERNATIONAL STANDARD BOOK NUMBER | |
| International Standard Book Number | 8185636982 |
| Terms of availability | 250.00 |
| 035 ## - SYSTEM CONTROL NUMBER | |
| System control number | EN-69920 |
| 037 ## - SOURCE OF ACQUISITION | |
| Source of stock number/acquisition | DBAD / VEN |
| 082 14 - DEWEY DECIMAL CLASSIFICATION NUMBER | |
| Classification number | 121 |
| 100 ## - MAIN ENTRY--PERSONAL NAME | |
| Personal name | Sen, Pranab Kumar |
| 245 1# - TITLE STATEMENT | |
| Title | Knowledge, truth and realism : |
| Statement of responsibility, etc | by Pranab Kumar Sen; ed. by Manidipa Sen [and] Madhucchanda Sen and Nirmalya Narayan Chakraborty |
| Remainder of title | essays in philosophical analysis / |
| 260 ## - PUBLICATION, DISTRIBUTION, ETC. (IMPRINT) | |
| Place of publication, distribution, etc | New Delhi |
| Name of publisher, distributor, etc | Indian Council of Philosophical Research |
| Date of publication, distribution, etc | 2007 |
| 260 ## - PUBLICATION, DISTRIBUTION, ETC. (IMPRINT) | |
| Place of publication, distribution, etc | New Delhi |
| Name of publisher, distributor, etc | Munshi Ram Manohar Lal Publishers |
| 300 ## - PHYSICAL DESCRIPTION | |
| Extent | xvii, 167p. |
| Dimensions | 23cm (Hb) |
| 700 ## - ADDED ENTRY--PERSONAL NAME | |
| Personal name | Sen, Manidipa |
| 700 ## - ADDED ENTRY--PERSONAL NAME | |
| Personal name | Sen, Madhucchanda |
| 700 ## - ADDED ENTRY--PERSONAL NAME | |
| Personal name | Chakraborty, Narayan |
| 942 ## - ADDED ENTRY ELEMENTS (KOHA) | |
| Institution code [OBSOLETE] | dpl |
| Item type | English Books |
| Source of classification or shelving scheme | Dewey Decimal Classification |
| Classification part | 121 |
| Call number suffix | SEN |
| Withdrawn status | Lost status | Not for loan | Collection code | Home library | Current library | Source of acquisition | Cost, normal purchase price | Full call number | Barcode | Copy number | Cost, replacement price | Koha item type |
|---|---|---|---|---|---|---|---|---|---|---|---|---|
| Not For Loan | Non-fiction | D.B.Act.Division | D.B.Act.Division | DBAD/PUB | 250.00 | 121 SEN | EN-69920 | 1 | 250.00 | English Books |
